[Event "FRA-chT Top 12 2019"]
[Site "Brest"]
[Date "2019.05.21"]
[Round "4.1"]
[White "Nihal Sarin"]
[Black "Gukesh D"]
[Result "1-0"]
[WhiteElo "2598"]
[BlackElo "2533"]
[Annotator "TA"]
[PlyCount "71"]
[EventDate "2019.05.18"]
[EventType "team-tourn"]
[EventCountry "FRA"]
[SourceTitle "playchess.com"]
[Source "ChessBase"]
[SourceQuality "1"]

{[%evp 11,71,33,43,45,38,33,36,36,37,41,50,55,77,74,97,103,254,266,364,377,374,362,369,364,387,378,431,435,429,400,397,351,341,325,334,337,318,282,275,270,267,260,259,256,533,532,515,485,544,542,829,562,555,550,548,536,29988,29989,29990,29991,29991,29992]} 1. d4 Nf6 2. c4 g6 3. Nc3 Bg7 4. e4 d6 5. h3 O-O 6. Be3 Na6 7. g4 {E71: King's Indian: 4 e4 d6 5 h3} e5 (7... c6 8. Bg2 e5 9. Nge2 Nc7 10. f4 exf4 11. Nxf4 Nd7 12. Qd2 b5 13. cxb5 Nxb5 14. Nxb5 cxb5 {½-½ (25) Cheparinov,I (2683)-Chigaev,M (2613) Skopje 2019}) 8. d5 c6 9. Nge2 {White is slightly better.} cxd5 10. cxd5 b5 11. Ng3 b4 12. Nb5 $146 ({Predecessor:} 12. Nb1 Nc5 13. Nd2 h6 14. Be2 Bd7 15. h4 Nh7 {½-½ (41) Deutsch,A-Bragin,A Orel 1992}) 12... Nc5 {[#]} 13. Qc2 $1 Ncxe4 $2 (13... Ne8 $16) 14. Nxe4 $18 Nxd5 15. Nbxd6 Nxe3 16. fxe3 Qh4+ 17. Qf2 Qe7 {If only Black now had time for ...f5....} 18. Bc4 Be6 19. Bxe6 Qxe6 20. O-O Rad8 21. Nb7 Rd5 22. Rad1 f5 23. Nec5 Qc6 24. Rxd5 ({Don't play} 24. gxf5 Rxf5 25. Qh4 Rxd1 $18) 24... Qxd5 25. gxf5 gxf5 26. Qc2 Bh6 27. e4 Qc6 $2 (27... fxe4 28. Qxe4 Qxa2 29. Qxe5 Rxf1+ 30. Kxf1 Qf7+ 31. Ke1 Bg7 32. Qb8+ Bf8 33. Qg3+ Bg7) 28. Qb3+ Kh8 29. Qe6 Rg8+ 30. Kh1 Qb5 31. Qxf5 {[#] Black must now prevent Nd6.} Qe2 {[%csl Gg8][%cal Re2g2]} 32. Qf6+ Bg7 33. Qf3 Qxb2 34. Nd6 {[%cal Rd6f7] White mates.} Rf8 35. Nf7+ Kg8 36. Ne6 {Accuracy: White = 89%, Black = 46%.} 1-0

[Event "FRA-chT Top 12 2019"]
[Site "Brest"]
[Date "2019.05.21"]
[Round "4.1"]
[White "Stevic, Hrvoje"]
[Black "Velten, Paul"]
[Result "1/2-1/2"]
[WhiteElo "2580"]
[BlackElo "2507"]
[Annotator "TA"]
[PlyCount "173"]
[EventDate "2019.05.18"]
[EventType "team-tourn"]
[EventCountry "FRA"]
[SourceTitle "playchess.com"]
[Source "ChessBase"]
[SourceQuality "1"]

{[%evp 15,173,24,17,26,39,39,55,44,37,33,57,56,72,45,43,43,47,52,52,50,45,48,50,26,62,62,62,62,62,62,62,62,62,62,62,43,47,41,64,65,77,32,32,32,32,32,32,32,42,32,42,42,42,42,42,42,42,42,42,0,32,0,42,42,42,42,42,26,26,28,42,42,42,42,42,42,42,34,35,35,58,32,32,0,58,32,33,33,58,58,60,0,41,0,66,66,66,66,58,59,71,71,71,71,71,71,68,58,71,71,71,71,71,71,71,71,71,0,71,71,71,43,43,45,45,43,43,43,71,71,71,71,71,71,71,71,71,71,71,0,71,71,71,71,71,71,71,71,71,37,71,71,71,37,37,0,71,0,71,0]} 1. e4 c6 2. d4 d5 3. Nc3 dxe4 4. Nxe4 Nf6 5. Nxf6+ exf6 6. c3 Bd6 7. Bd3 O-O 8. Ne2 Re8 9. Qc2 {B15: Caro-Kann: 3 Nc3: 3...g6 and 3...dxe4 4 Nxe4 Nf6 5 Nxf6+ exf6} h5 (9... h6 10. O-O Qc7 11. Ng3 Nd7 12. Be3 Nf8 13. Rae1 Be6 14. Qd2 Bxg3 15. hxg3 Bxa2 16. c4 b5 17. cxb5 Bd5 18. Rc1 {½-½ (31) Sjugirov,S (2663)-Li,C (2724) Qinhuangdao 2018}) 10. O-O Nd7 11. Ng3 {White is slightly better.} Bxg3 $146 ({Predecessor:} 11... Qc7 12. h3 Bxg3 13. fxg3 Nf8 14. Bf4 Qd8 15. Qf2 Be6 16. c4 {1-0 (46) Predke,A (2620)-Rahman,Z (2470) New Delhi 2019}) 12. hxg3 Nf8 13. Be3 Be6 14. a4 Qd7 15. Rfe1 Ng6 16. Bxg6 fxg6 17. Qxg6 Qf7 18. Qxf7+ Kxf7 19. a5 a6 20. Ra4 Rad8 21. f3 Bc8 22. Kf2 g5 23. c4 Kg6 24. Rd1 Re7 25. d5 cxd5 26. cxd5 Re5 27. d6 Bd7 28. Ra3 Bb5 29. Rd2 Re6 30. Bc5 Rc8 31. b4 Bd7 32. Rc3 Kf7 33. Rc4 Ree8 34. Rc1 Re6 35. Rh1 Kg6 36. Ra1 Kf7 37. Ra3 Rce8 38. Rc3 Rc8 39. Rcc2 Ree8 40. Rb2 Re6 41. Ra2 Rce8 42. Ra3 Rc8 43. Rc3 Ree8 44. Rd5 Be6 45. Rdd3 (45. Rd4 {seems wilder.} Bd7 46. f4 Re6 47. Rd1 Bb5 48. Rd2) 45... Bd7 46. Bb6 Rxc3 47. Rxc3 $14 {[%mdl 4096] Endgame KRB-KRB} Rc8 48. Bc7 Re8 49. Bb6 Rc8 50. Bc5 Re8 51. Rc1 Bc6 52. Bb6 {[#] aiming for Rxc6!} Ke6 53. Bc5 Kf7 54. Bb6 Ke6 55. Bc7 Kd7 56. Rh1 Rh8 $1 57. Ke3 Re8+ 58. Kd4 Rh8 59. Kc5 h4 60. gxh4 gxh4 61. Kd4 h3 62. Rxh3 Rxh3 63. gxh3 Bxf3 $16 {KB-KB} 64. h4 Bd1 65. Ke4 Ke6 66. Kd4 Kd7 67. Kd5 Be2 68. Bb6 Bf3+ 69. Kc5 f5 70. Bc7 f4 71. Kd4 {[#] Hoping for Ke5.} Bh5 72. Ke5 f3 {...f2 is the strong threat.} 73. Bb6 Be8 74. Bf2 Bh5 75. Ba7 Be8 76. Bg1 Bf7 77. Bf2 Bh5 $1 78. Kd5 Bf7+ 79. Kc5 Bg6 80. Bg3 Bf7 81. Be1 Bg6 82. Bf2 Bf7 83. Bd4 Bg6 84. Bg1 Bf7 85. Bf2 Bg6 86. Kd5 Bf7+ 87. Ke5 {Accuracy: White = 62%, Black = 71%.} (87. Ke4 $16) 1/2-1/2

[Event "FRA-chT Top 12 2019"]
[Site "Brest"]
[Date "2019.05.21"]
[Round "4.1"]
[White "Fedorov, Alexei"]
[Black "Malakhov, Vladimir"]
[Result "1/2-1/2"]
[WhiteElo "2566"]
[BlackElo "2660"]
[Annotator "TA"]
[PlyCount "29"]
[EventDate "2019.05.18"]
[EventType "team-tourn"]
[EventCountry "FRA"]
[SourceTitle "playchess.com"]
[Source "ChessBase"]
[SourceQuality "1"]

{[%evp 21,29,14,14,14,4,9,7,6,8,-2]} 1. e4 e5 2. Nf3 Nc6 3. Bc4 Bc5 4. O-O Nf6 5. d3 d6 6. c3 a6 7. Bb3 Ba7 8. Nbd2 {[%cal Bb1d2,Bd2f1,Bf1e3][%mdl 32]} O-O 9. h3 h6 10. Re1 Re8 11. Nf1 Be6 {The position is equal.} 12. Be3 {C54: Giuoco Piano: 4 c3 Nf6, main lines with 5 d4 and 5 d3} Bxe3 13. Nxe3 Bxb3 14. Qxb3 Rb8 {[#]} 15. Nh2 $146 ({Predecessor:} 15. Rad1 Qd7 16. Qc2 Rbd8 17. a3 d5 18. b4 Qe6 19. exd5 Nxd5 20. Nxd5 Qxd5 {½-½ (31) Korneev,O (2590)-Vazquez Igarza,R (2603) Linares 2014}) 1/2-1/2

[Event "FRA-chT Top 12 2019"]
[Site "Brest"]
[Date "2019.05.21"]
[Round "4.1"]
[White "Villegas, Pierre"]
[Black "Oleksiyenko, Mykhaylo"]
[Result "0-1"]
[WhiteElo "2354"]
[BlackElo "2595"]
[Annotator "TA"]
[PlyCount "120"]
[EventDate "2019.05.18"]
[EventType "team-tourn"]
[EventCountry "FRA"]
[SourceTitle "playchess.com"]
[Source "ChessBase"]
[SourceQuality "1"]

{[%evp 22,120,12,3,25,0,0,-15,0,-1,-6,-39,-5,0,0,-22,-20,-33,-33,-34,-29,-45,-23,-39,-25,-22,-20,-24,-25,-20,-12,-41,-36,-36,-30,-41,-36,-101,-102,-99,-99,-121,-116,-112,-113,-108,-86,-137,-137,-137,-134,-132,-134,-134,-134,-139,-132,-155,0,-147,0,-133,-77,-77,-77,-77,-77,-77,-77,-77,-87,-80,-80,-80,-80,-114,-117,-142,-150,-156,-156,-131,-130,-206,-206,-135,-160,-551,-545,-422,-268,-671,-691,-1422,-1370,-1183,-832,-4618,-2907,-5097,-5089]} 1. d4 Nf6 2. c4 e6 3. Nc3 d5 4. cxd5 exd5 5. Bg5 Be7 6. e3 c6 7. Qc2 Nbd7 8. Bd3 Nh5 9. Bxe7 Qxe7 10. Nge2 g6 11. O-O-O Nb6 12. Kb1 Ng7 {D36: Queen's Gambit Declined: Exchange Variation: Main line (5 Bg5 c6 6 Qc2)} 13. Qc1 $146 ({Predecessor:} 13. Ng3 Bd7 14. Rc1 h5 15. h4 O-O-O 16. Na4 Nxa4 17. Qxa4 Kb8 18. Rc3 b6 19. Ra3 Be8 20. Rc1 {0-1 (42) Hammer,J (2689)-Yilmaz,M (2603) Gjakova 2016}) 13... Bf5 14. Nf4 O-O-O {The position is equal.} 15. Bxf5+ Nxf5 16. g4 Nd6 17. h4 Kb8 18. Qc2 h6 19. Rdg1 g5 20. hxg5 hxg5 21. Nh5 Qe6 22. Rh3 Nd7 23. Ng7 Qf6 24. Nh5 Qe7 25. Rgh1 Qe6 26. Rg1 Nf6 27. Ng7 Qd7 28. Rxh8 Rxh8 29. Nf5 ({White should try} 29. f3 $15) 29... Nxf5 $1 $17 30. gxf5 g4 31. Ne2 Ne4 {...Rh2 is the strong threat.} 32. Ng3 Nxg3 33. fxg3 {[%mdl 4096] Endgame KQR-KQR} Qe7 34. Qf2 (34. Re1 $142) 34... Qe4+ 35. Kc1 Kc7 36. Kd2 Kd7 37. Rf1 Rh5 38. Kc3 Rh3 39. Kd2 Rh5 40. Kc3 $1 Rh3 41. Kd2 $1 {[#]} Ke7 ({Black should play} 41... c5 $1 {[%mdl 512]} 42. dxc5 Qb4+ 43. Kc1 Qxc5+ 44. Kb1 Qc4) 42. Qg1 Kf6 43. Rf4 Rh1 44. Rxe4 Rxg1 45. Rxg4 {KR-KR} Rg2+ 46. Kc1 Re2 47. Rg8 Rxe3 48. g4 Re4 49. Rb8 b5 {[%cal Bb7b5,Bb5b4,Bb4a3][%mdl 32]} ({Much less strong is} 49... Rxd4 50. Rxb7 Rc4+ 51. Kd2 $15) 50. Ra8 Rxg4 51. Rxa7 Rxd4 52. b3 {[#]} (52. a3 $17) 52... b4 $1 $19 53. Rc7 c5 54. Rxc5 $2 (54. Kb2 $17 {is tougher.}) 54... Kxf5 55. Rc7 f6 56. a3 $2 (56. Kc2) 56... bxa3 {Black is clearly winning.} 57. Ra7 Ke4 58. Kc2 f5 59. Rxa3 f4 60. Ra7 f3 {Accuracy: White = 46%, Black = 74%.} 0-1

[Event "FRA-chT Top 12 2019"]
[Site "Brest"]
[Date "2019.05.21"]
[Round "4.2"]
[White "Hera, Imre Jr."]
[Black "Cornette, Deimante"]
[Result "1/2-1/2"]
[WhiteElo "2611"]
[BlackElo "2433"]
[Annotator "TA"]
[PlyCount "117"]
[EventDate "2019.05.18"]
[EventType "team-tourn"]
[EventCountry "FRA"]
[SourceTitle "playchess.com"]
[Source "ChessBase"]
[SourceQuality "1"]

{[%evp 9,117,0,15,11,4,12,14,5,12,20,4,6,-3,-29,-7,-8,31,33,18,24,19,18,28,-7,52,52,56,53,55,35,35,48,107,108,83,92,126,129,123,91,114,123,117,125,110,117,95,106,147,78,215,220,214,214,236,137,304,139,247,189,195,193,185,179,223,233,246,246,407,408,452,462,458,458,454,454,443,403,416,300,284,243,230,162,185,183,174,158,153,156,122,107,132,8,64,8,8,8,0,0,0,8,8,0,7,0,8,0,8,0]} 1. g3 d5 2. Bg2 g6 3. c4 c6 4. cxd5 cxd5 5. Qb3 Nf6 6. Nc3 {[%cal Rc3d5] A10: English Opening: Unusual Replies for Black} e6 7. Nf3 Nc6 8. O-O Bg7 9. d3 O-O 10. Bf4 Qe7 $146 ({Predecessor:} 10... Re8 11. Rfc1 h6 {½-½ (26) Gurevich,M (2630)-Nunn,J (2610) Germany 1991}) 11. Rfc1 d4 12. Na4 e5 13. Bg5 h6 14. Bxf6 Bxf6 15. Nc5 Rb8 16. Qa4 (16. Ne4 $5 {[%cal Rc1c6]} Bg4 17. Nxf6+ Qxf6 18. Rc5 $11) 16... Be6 (16... Bf5 $11) 17. Nxe6 $14 Qxe6 18. Nd2 {[%cal Rg2c6]} Rfc8 19. Ne4 Be7 20. Nc5 Bxc5 (20... Qd6 $1 $14) 21. Rxc5 $16 a6 22. Bd5 Qe7 23. Rac1 Na7 24. Qa3 Qd7 25. Qb3 b6 26. Rxc8+ Rxc8 27. Rxc8+ Nxc8 28. Qc4 {Strongly threatening Bxf7+!} Na7 29. Be4 ({White should try} 29. Qxa6 {aiming for Bb7.} Qxd5 30. Qxa7) 29... Qc8 (29... a5 $16 {keeps fighting.}) 30. Qd5 $18 Qc7 31. Bxg6 Nc8 32. Be4 ({White should play} 32. Bh5 $18) 32... Ne7 $2 (32... a5 $16 {is a better defense.} 33. f4 exf4) 33. Qc4 (33. Qa8+ $18 {and the rest is easy.} Kg7 34. Qxa6) 33... Qa7 (33... Qxc4 $16 34. dxc4 a5) 34. Kg2 b5 35. Qc1 Kg7 36. b4 Qb6 {[#]} 37. f4 $1 Qd6 38. fxe5 Qxb4 $2 (38... Qxe5 39. Qc5 Qxc5 40. bxc5 Kf6) 39. Qf4 {Hoping for Qf6+.} Qb2 40. Qf6+ Kf8 41. Qxh6+ Ke8 42. Bf3 Qxa2 43. Qh8+ Kd7 {If Black can now play ...Qe6 this consolidates a bit.} 44. Qb8 Qe6 45. h4 Ng6 46. Qa7+ Ke8 47. Qxd4 Nxe5 48. Bd5 Qd6 49. h5 Kf8 50. h6 b4 51. e4 (51. Qe4 $16) 51... a5 (51... Qf6 $11) 52. Qa7 (52. Qf2 $14 Qg6 53. Qf4) 52... Qf6 $1 $11 {[%cal Rf6f3] [#] Threatens to win with ...Qf3+.The position is equal.} 53. Qb8+ Ke7 {...Qf3+ is the strong threat.} 54. Qc7+ Kf8 55. Qc8+ Ke7 $132 {[%mdl 2048] Black puts up resistance} 56. Qc5+ Ke8 57. Qc8+ Ke7 58. Qc5+ Ke8 59. Qc8+ {Accuracy: White = 57%, Black = 45%.} 1/2-1/2

[Event "FRA-chT Top 12 2019"]
[Site "Brest"]
[Date "2019.05.21"]
[Round "4.2"]
[White "Balogh, Csaba"]
[Black "Miezis, Normunds"]
[Result "0-1"]
[WhiteElo "2598"]
[BlackElo "2456"]
[Annotator "TA"]
[PlyCount "96"]
[EventDate "2019.05.18"]
[EventType "team-tourn"]
[EventCountry "FRA"]
[SourceTitle "playchess.com"]
[Source "ChessBase"]
[SourceQuality "1"]

{[%evp 11,96,20,26,33,41,43,37,21,44,47,39,32,35,38,50,41,49,11,11,18,16,19,49,51,61,35,31,44,27,10,10,10,10,0,8,0,8,8,8,0,0,0,0,0,0,0,0,-76,-75,-83,-87,-85,-72,-73,-68,-67,-53,-75,-73,-74,-69,-73,-81,-112,-102,-117,-118,-188,-177,-237,-172,-183,-177,-164,-173,-158,-97,-640,-428,-1387,-1062,-5778,-5778,-5405,-5085,-5018,-4974]} 1. e4 c5 2. Nf3 e6 3. d4 cxd4 4. Nxd4 a6 5. c4 Nf6 6. Nc3 Bb4 7. Qd3 {B41: Sicilian: Kan Variation: 5 c4} (7. Bd3 Nc6 8. Nxc6 dxc6 9. O-O e5 10. Qe2 O-O 11. a3 Bc5 12. Be3 Bd4 13. Bxd4 exd4 14. Na4 Re8 15. b4 a5 16. c5 axb4 17. axb4 Bg4 {½-½ (26) Corrales Jimenez,F (2559)-Caruana,F (2828) chess.com INT 2019}) 7... O-O 8. e5 Ne8 $1 9. Be2 {White is slightly better.} d6 10. Nc2 Ba5 $146 ({Predecessor:} 10... Bxc3+ 11. Qxc3 dxe5 12. Qxe5 Nc6 13. Qg3 e5 14. O-O Bf5 {0-1 (60) Hilby,C (2334)-Feuerstack,A (2449) chess.com INT 2017}) 11. exd6 Qxd6 12. Qxd6 Nxd6 13. b4 Bc7 14. Bf4 Nc6 15. c5 Nb5 16. Bxc7 Nxc7 17. O-O-O e5 18. Bc4 Be6 19. Bxe6 Nxe6 20. Rd7 a5 21. a3 axb4 22. axb4 Rfb8 23. Nd5 (23. Rhd1 {keeps more tension.} Ned4 24. Nxd4 Nxd4 25. f4 f6 26. Kd2) 23... Rd8 $36 {[%mdl 2048] Black has good play.} 24. Rxd8+ Rxd8 25. Rd1 Ned4 26. Nde3 f6 27. Kb2 Kf7 28. Nxd4 exd4 $11 {[%mdl 4096] Endgame KRN-KRN} 29. Nc4 (29. Nf5 $11) 29... Nxb4 $17 30. Nd6+ Ke6 $1 {Threatens to win with ...b6!} 31. Rxd4 Na6 $1 32. Re4+ Kd5 33. Re7 Nxc5 34. Nf5 g6 35. Ne3+ Kc6 36. Rxh7 Rd2+ 37. Kc3 Ne4+ $1 38. Kb4 Rb2+ 39. Kc4 (39. Ka3 $17 Rxf2 40. Rh4) 39... Rxf2 40. Rh6 (40. Rh8 $142) 40... Rd2 {Strongly threatening ...b5+.} 41. Ng4 b5+ ({Resist} 41... Rxg2 42. Rxg6 b5+ 43. Kd4 $17) 42. Kb3 Rxg2 43. Rxg6 {[#] White wants to play Ne5+.} Kc5 (43... Kb6 $142 $1 44. h4 Kc5) 44. h4 $2 {[%mdl 8192]} (44. Rg8 $17) 44... Rg3+ {Black is clearly winning.} 45. Kb2 (45. Kc2 $142 Rg2+ 46. Kc1) 45... Kb4 46. h5 Rg2+ 47. Kc1 {[#]} Kb3 $1 {[%cal Rg2g1]} 48. Ne3 Re2 {Accuracy: White = 47%, Black = 94%.} 0-1

[Event "FRA-chT Top 12 2019"]
[Site "Brest"]
[Date "2019.05.21"]
[Round "4.2"]
[White "Hamdouchi, Hicham"]
[Black "Harikrishna, Pentala"]
[Result "1/2-1/2"]
[WhiteElo "2584"]
[BlackElo "2730"]
[Annotator "TA"]
[PlyCount "40"]
[EventDate "2019.05.18"]
[EventType "team-tourn"]
[EventCountry "FRA"]
[SourceTitle "playchess.com"]
[Source "ChessBase"]
[SourceQuality "1"]

{[%evp 19,40,8,21,15,18,13,21,14,25,14,23,22,28,12,23,8,14,12,18,18,18,18,16]} 1. e4 e5 2. Nf3 Nc6 3. Bb5 a6 4. Ba4 Nf6 5. O-O Be7 6. Re1 b5 7. Bb3 O-O 8. a4 b4 9. d4 d6 10. dxe5 dxe5 11. Qxd8 {C88: Closed Ruy Lopez: Anti-Marshall Systems} (11. Nbd2 Bc5 12. a5 h6 13. h3 Qd6 14. Qe2 Be6 15. Nc4 Qe7 16. Be3 Rab8 17. Bxc5 Qxc5 18. Ncd2 Rfe8 19. Qxa6 {1-0 (38) Aronian,L (2763)-Svidler,P (2735) Karlsruhe/Baden Baden 2019}) 11... Rxd8 12. Nbd2 Bd6 13. h3 Na5 14. Nc4 Nxc4 15. Bxc4 h6 16. Nd2 $146 ({Predecessor:} 16. b3 Bb7 17. Bd3 Nd7 18. Bb2 f6 {0-1 (81) Maksimovic,M (1854)-Pregarac,V (2135) Portoroz 2016}) 16... Bb7 17. Bd3 a5 {The position is equal.} 18. Nc4 Bc5 19. Nxe5 Re8 20. Nc4 Bxe4 1/2-1/2

[Event "FRA-chT Top 12 2019"]
[Site "Brest"]
[Date "2019.05.21"]
[Round "4.2"]
[White "Solodovnichenko, Yuri"]
[Black "Fressinet, Laurent"]
[Result "1/2-1/2"]
[WhiteElo "2572"]
[BlackElo "2640"]
[Annotator "TA"]
[PlyCount "36"]
[EventDate "2019.05.18"]
[EventType "team-tourn"]
[EventCountry "FRA"]
[SourceTitle "playchess.com"]
[Source "ChessBase"]
[SourceQuality "1"]

{[%evp 9,36,-6,-4,-25,-8,-20,-24,-14,-14,-43,-31,-36,-37,-45,-19,-11,-20,-20,-29,-41,-43,-46,-20,-48,-29,-36,-36,-17,0]} 1. e4 e5 2. Nf3 Nc6 3. d4 exd4 4. Nxd4 Bc5 5. Nb3 Bb6 6. Qe2 {C45: Scotch Game} (6. Nc3 Nge7 7. Bg5 f6 8. Bh4 a5 9. Bb5 Ne5 10. f4 N5g6 11. Bg3 c6 12. Bc4 Bc7 13. Qf3 b5 14. Bd3 a4 {1-0 (37) Amin,B (2709)-Grandelius,N (2694) Astana 2019}) 6... a5 {[%cal Ba7a5,Ba5a4][%mdl 32]} 7. Nc3 a4 $146 ({Predecessor:} 7... d6 8. a4 Nb4 9. Nd5 Nxd5 10. exd5+ Ne7 11. Bg5 h6 12. Bxe7 Qxe7 13. Qxe7+ Kxe7 {0-1 (37) Noboa,K (2256)-Sargsyan,S (2477) Manavgat 2018}) 8. Nd2 {Black has an edge.} a3 9. Nc4 Bd4 10. Nb5 axb2 11. Nxb2 Nge7 12. Nxd4 Nxd4 13. Qd1 Ne6 {[%cal Bd4e6,Be6c5,Bc5d3][%mdl 32]} 14. Bd3 O-O 15. O-O Nc5 16. e5 Nc6 17. Re1 Nxd3 18. Nxd3 d6 {Accuracy: White = 73%, Black = 47%.} 1/2-1/2

[Event "FRA-chT Top 12 2019"]
[Site "Brest"]
[Date "2019.05.21"]
[Round "4.2"]
[White "Praggnanandhaa R"]
[Black "Heimann, Andreas"]
[Result "1/2-1/2"]
[WhiteElo "2536"]
[BlackElo "2627"]
[Annotator "TA"]
[PlyCount "133"]
[EventDate "2019.05.18"]
[EventType "team-tourn"]
[EventCountry "FRA"]
[SourceTitle "playchess.com"]
[Source "ChessBase"]
[SourceQuality "1"]

{[%evp 11,133,10,21,0,0,5,16,2,4,0,6,4,8,0,5,0,0,0,0,-10,0,0,9,8,8,0,0,0,0,0,8,0,20,0,0,0,0,0,0,0,0,-4,0,-12,-14,-22,-20,-82,-10,-135,-116,-108,-96,-106,-106,-108,-131,-118,0,0,0,0,0,0,0,-5,-8,-6,0,0,0,-4,0,-4,-5,-19,0,0,0,0,0,0,0,0,0,0,0,0,0,-8,-7,-12,0,0,0,-8,-8,-35,-35,-41,0,0,1,-5,-5,-5,-5,-5,0,0,0,0,0,0,0,0,0,0,0,0,0,0,0,0]} 1. e4 e5 2. Nf3 Nc6 3. Bb5 Nf6 4. d3 Bc5 5. c3 O-O 6. O-O d6 7. Ba4 {C65: Ruy Lopez: Berlin Defence (3...Nf6), unusual lines and 4 0-0 Bc5} Ne7 8. Bc2 Ng6 9. d4 Bb6 10. a4 c6 11. dxe5 Nxe5 12. Nxe5 dxe5 13. Qxd8 Rxd8 14. a5 Bc5 {[#]} 15. Nd2 $146 Be6 16. Re1 Ne8 17. Nb3 Be7 18. f3 b6 19. Be3 c5 20. Nd2 f6 21. g3 c4 22. Ba4 Rab8 23. axb6 axb6 24. Bxe8 Rxe8 25. Ra6 Red8 26. Nf1 Bh3 27. Nd2 b5 28. Kf2 h5 29. f4 (29. Ke2 $11) 29... b4 (29... Rd3 $17 {White should prevent ...exf4.} 30. f5 Bg4) 30. fxe5 (30. Nxc4 $11 bxc3 31. bxc3) 30... bxc3 $17 31. bxc3 Rb2 32. Re2 Bg4 33. Nf3 Rxe2+ 34. Kxe2 {[#]} fxe5 (34... Rd3 $1 $17 35. Ra8+ Kh7) 35. h3 $1 $11 {[%cal Rh3g4]} Bxf3+ 36. Kxf3 {[%mdl 4096] Endgame KRB-KRB} Rd3 37. Ke2 Rxc3 38. Re6 Bf6 39. g4 Rc2+ 40. Kf3 Rc3 41. Ke2 Rc2+ 42. Kf3 $1 Kf7 43. Rc6 hxg4+ 44. hxg4 Rc3 {[#] Threatens to win with ...Bg5.} 45. Ke2 Rc2+ 46. Kf3 Bd8 47. g5 g6 48. Rd6 Be7 49. Rc6 c3 50. Rc7 {Hoping for Bc5.} Ke8 51. Rc6 Kf7 52. Rc7 {Bc5 is the strong threat.} Ke8 53. Rc6 Kd7 54. Rxg6 Ra2 55. Rb6 c2 56. Rb7+ {The position is equal.} Kc6 57. Rxe7 {KRB-KR} Ra3 58. Ke2 {And now Bc1 would win.} Rxe3+ {KR-KR} 59. Kd2 Rxe4 (59... Kd6 {seems wilder.} 60. Rf7 Re2+ 61. Kc1 Kc5 62. Rd7 Rxe4 63. Kxc2 Rg4) 60. Kxc2 Kd6 61. Ra7 Rg4 62. g6 Ke6 63. Kd3 Kf6 64. g7 Rg3+ 65. Ke4 Rxg7 66. Rxg7 Kxg7 67. Kxe5 {Accuracy: White = 69%, Black = 64%.} 1/2-1/2

[Event "FRA-chT Top 12 2019"]
[Site "Brest"]
[Date "2019.05.21"]
[Round "4.2"]
[White "Cossin, Sebastien"]
[Black "Bauer, Christian"]
[Result "0-1"]
[WhiteElo "2494"]
[BlackElo "2643"]
[Annotator "TA"]
[PlyCount "70"]
[EventDate "2019.05.18"]
[EventType "team-tourn"]
[EventCountry "FRA"]
[SourceTitle "playchess.com"]
[Source "ChessBase"]
[SourceQuality "1"]

{[%evp 9,70,23,37,31,25,17,17,-12,-12,-33,-23,-32,-28,-56,-50,-52,-38,-39,-29,0,0,-8,0,0,-6,-88,-89,-142,-141,-142,-142,-116,-143,-143,-143,-143,-140,-183,-135,-373,-381,-385,-380,-374,-378,-350,-310,-356,-363,-373,-399,-345,-22,-27,0,-30,-27,-243,-252,-536,-536,-29996,-29997]} 1. c4 e5 2. Nc3 Nc6 3. g3 Bc5 4. Bg2 a6 5. e3 d6 6. Nge2 {A25: English Opening vs King's Indian with ...Nc6 but without early d3} (6. Nf3 Nf6 7. O-O O-O 8. h3 Ba7 9. d4 h6 10. dxe5 dxe5 11. Qxd8 Rxd8 12. b3 Be6 13. Ba3 Rd7 14. Rfd1 Rad8 15. Rxd7 Rxd7 {½-½ (41) Howell,D (2676)-Ponomariov,R (2694) Riadh 2017}) 6... Ba7 7. d3 h5 8. Nd5 {The position is equal.} h4 9. Nec3 $146 ({Predecessor:} 9. gxh4 Nce7 10. Nxe7 Nxe7 11. Ng3 Rxh4 12. Bd2 {0-1 (25) Heurtebize,C (2042)-Bouget,A (2256) Avoine 2015}) 9... Nce7 10. Nxe7 Nxe7 11. b4 c6 12. Bb2 Be6 13. Ne4 f6 14. d4 d5 15. cxd5 cxd5 16. Nc5 Bxc5 17. dxc5 (17. bxc5 $11 {keeps the balance.} e4 18. Bc3) 17... Qd7 $17 18. Rg1 ({White should try} 18. a3) 18... a5 19. a3 hxg3 20. hxg3 Kf7 21. Bf3 axb4 22. axb4 Qb5 23. Qd2 Nc6 24. Be2 $2 (24. Rxa8 $17 {keeps fighting.} Rxa8 25. Bh5+ Ke7 26. Be2 Qxb4 27. Qxb4 Nxb4 28. Kd2) 24... Rxa1+ $1 $19 25. Bxa1 {[#]} Qa4 $1 {[%cal Ra4a1]} 26. Bb2 Nxb4 27. g4 {[#]} d4 $1 {[%mdl 512]} 28. exd4 exd4 29. Kf1 {[#]} d3 $1 {[%mdl 512]} 30. Bf3 (30. Bxd3 Nxd3) 30... Nc2 $2 (30... Qb5 $19 31. Rg3 Nc2) 31. Qxd3 $11 Nb4 32. Qe4 Bd5 $36 {[%mdl 2048] Black fights for an advantage.} 33. Qf4 $2 {[#]} (33. Qf5 $1 $11 {and White is okay.} Qc6 34. Rg3) 33... Qb3 $1 $19 {[%csl LRb2,LRf3][%mdl 512]} 34. Qc7+ $2 {[#]} (34. Bxd5+ {was the only defense.} Nxd5 35. Qd4) 34... Kg6 $1 {[%mdl 512] ( -> ...Qd3+)} 35. g5 {Black must now prevent gxf6+.} Qd3+ {Accuracy: White = 34%, Black = 71%.} 0-1